Ako môžu neuhradené záväzky ovplyvniť daň z príjmov
Podnikateľské prostredie je premenlivé a môže nastať situácia, keď spoločnosť z objektívnych alebo subjektívnych dôvodov nemá uhradené svoje záväzky. Podnikatelia by mali vedieť identifikovať a kvantifikovať svoje neuhradené záväzky, nakoľko môžu mať výrazný vplyv na splatnú daň z príjmov.
Enregistré dans:
| Auteur principal: | |
|---|---|
| Format: | Chapitre de livre |
| Langue: | slovaque |
| Sujets: | |
| Tags: |
Pas de tags, Soyez le premier à ajouter un tag!
|
MARC
| LEADER | 00000naa a2200000 4500 | ||
|---|---|---|---|
| 001 | 0304606 | ||
| 005 | 20241015135730.3 | ||
| 041 | 0 | |a slo | |
| 044 | |a SK | ||
| 245 | 1 | 0 | |a Ako môžu neuhradené záväzky ovplyvniť daň z príjmov |c Lea Mušková |
| 520 | |a Podnikateľské prostredie je premenlivé a môže nastať situácia, keď spoločnosť z objektívnych alebo subjektívnych dôvodov nemá uhradené svoje záväzky. Podnikatelia by mali vedieť identifikovať a kvantifikovať svoje neuhradené záväzky, nakoľko môžu mať výrazný vplyv na splatnú daň z príjmov. | ||
| 610 | 2 | 0 | |a podnikatelia |
| 610 | 2 | 0 | |a záväzky |
| 610 | 2 | 0 | |a spoločnosti |
| 610 | 2 | 0 | |a dane z príjmov |
| 610 | 2 | 0 | |a zákony |
| 610 | 2 | 0 | |a legislatíva |
| 100 | 1 | |a Mušková, Lea | |